Кот, который смотрел на звезды: романы; пер. с англ.

Bibliographic Details
Main Author: Браун Л. Дж. Лилиан Джексон
Summary:Гибнет в огне старая женщина, незадолго перед тем продавшая свою землю подставной фирме. Квиллер пытается найти концы, а Коко слушает птиц, поет для них и между делом подбрасывает хозяину подсказки... Хорошо отдохнуть летом у озера, но и в отпуске Квиллера настигают криминальные сюжеты. И что бы он делал без Коко, который встречает братьев по разуму?
Language:Russian
Published: Санкт-Петербург, Амфора, 2006
Series:Кот, который...
Subjects:
Format: Book
KOHA link:https://koha.lib.tpu.ru/cgi-bin/koha/opac-detail.pl?biblionumber=203157

MARC

LEADER 00000nam0a2200000 4500
001 203157
005 20231031185514.0
010 |a 5367002862 
035 |a (RuTPU)RU\TPU\book\221377 
035 |a RU\TPU\book\111293 
090 |a 203157 
100 |a 20111031d2006 m y0rusy50 ca 
101 1 |a rus  |c eng 
102 |a RU 
105 |a y z 000ay 
200 1 |a Кот, который смотрел на звезды  |e романы  |e пер. с англ.  |f Л. Дж. Браун 
210 |a Санкт-Петербург  |c Амфора  |d 2006 
215 |a 510 с. 
225 1 |a Кот, который... 
330 |a Гибнет в огне старая женщина, незадолго перед тем продавшая свою землю подставной фирме. Квиллер пытается найти концы, а Коко слушает птиц, поет для них и между делом подбрасывает хозяину подсказки... Хорошо отдохнуть летом у озера, но и в отпуске Квиллера настигают криминальные сюжеты. И что бы он делал без Коко, который встречает братьев по разуму? 
610 1 |a американская литература 
610 1 |a романы 
610 1 |a криминальные романы 
610 1 |a детективы 
675 |a 82  |v 3 
700 1 |a Браун  |b Л. Дж.  |g Лилиан Джексон 
801 1 |a RU  |b 63413507  |c 20061013  |g PSBO 
801 2 |a RU  |b 63413507  |c 20170207  |g PSBO 
942 |c BK